Možnosti využitia obnovitelných zdrojov vo vybranom regióne SR diplomová práca

Na minha lista:
Detalhes bibliográficos
Autor principal: Šimko, Samuel
Autor Corporativo: Podnikovohospodárska fakulta EU so sídlom v Košiciach. Katedra marketingu a obchodu
Outros Autores: Andrejovský, Pavol, 1975-
Formato: Livro
Idioma:eslovaco
Publicado em: Košice 2014
Tags: Adicionar Tag
Sem tags, seja o primeiro a adicionar uma tag!

MARC

LEADER 00000nbm a2200000 4500
001 0187233
005 20170201085059.3
041 0 |a slo 
044 |a SK 
245 1 0 |a Možnosti využitia obnovitelných zdrojov vo vybranom regióne SR  |b diplomová práca  |c Samuel Šimko ; školiteľ: Pavol Andrejovský 
264 1 |a Košice  |c 2014 
300 |a 80 s. 
100 1 |a Šimko, Samuel 
700 1 |a Andrejovský, Pavol, 1975- 
710 2 |a Podnikovohospodárska fakulta EU so sídlom v Košiciach. Katedra marketingu a obchodu